University Home | Library Home | Institutional Repository

The black cloud. (Record no. 64682)

MARC details
000 -LEADER
fixed length control field 00537cam1a220020500 4500
001 - CONTROL NUMBER
control field tmp15830148
003 - CONTROL NUMBER IDENTIFIER
control field UPRA
005 - DATE AND TIME OF LATEST TRANSACTION
control field 20190815102738.0
008 - FIXED-LENGTH DATA ELEMENTS--GENERAL INFORMATION
fixed length control field 951104s1971 enk eng u
035 ## - SYSTEM CONTROL NUMBER
System control number (Sirsi) r77440
035 ## - SYSTEM CONTROL NUMBER
System control number (UPRA)tmp15830148
040 ## - CATALOGING SOURCE
Transcribing agency UPRA
100 1# - MAIN ENTRY--PERSONAL NAME
Titles and words associated with a name Sir.
Linkage A3874.1
245 14 - TITLE STATEMENT
Title The black cloud.
260 ## - PUBLICATION, DISTRIBUTION, ETC.
Place of publication, distribution, etc. [Harmondsworth, Middlesex] :
Name of publisher, distributor, etc. Penguin,
Date of publication, distribution, etc. [1971]
500 ## - GENERAL NOTE
General note First published in this ed. 1960.
949 ## - LOCAL PROCESSING INFORMATION (OCLC)
a PR6015.09
w lcc
m MAIN
t BOOK
l ON-SHELF
987 ## - LOCAL ROMANIZATION/CONVERSION HISTORY (OCLC)
Romanization/conversion identifier WITHDRAWN

No items available.

© 2026 - The University of Zambia Library - Koha v25.11